| 000 | 00639nam a22002057a 4500 | ||
|---|---|---|---|
| 005 | 20180515162906.0 | ||
| 010 | _aENG-123025 | ||
| 020 |
_a9789386858238 _c499.00 |
||
| 035 | _aEN-106557 | ||
| 037 | _bDBAD/PUB. | ||
| 082 | _a621.3822 | ||
| 100 | _aRao, D. Ganesh | ||
| 245 |
_aDigital Signal Processing / _cby D. Ganesh Rao [and] Vineeta P. Gejji |
||
| 260 |
_aDelhi _bCengage Learning India Pvt. Ltd. _c2017 |
||
| 270 |
_a418, F.I.E.Patparganj _bDelhi _e110092 (India) |
||
| 300 |
_axii, 481p. _c27cm(pbk) _bill. |
||
| 500 | _aIt include index | ||
| 700 | _aGejji, Vineeta P. | ||
| 942 |
_2ddc _cEN _h621.3822 _mRAO |
||
| 999 |
_c152080 _d152080 |
||